00552nam a22001697a 450000500170000001000130001702000260003003500110005603700130006708200070008010000290008724500670011624600530018326000520023627000720028830000220036020190805143833.0 aUR-10341 c200.00a9789388356374 aU-8896 bDBAD/PUB aن aا نو ا ر ا لحق  aشب ا نتظا ر گز ر ی ہے cا نو ا ر ا لحق  bShabe Intezar Guzri hai (Urdu)aby Anwarul Haque aDelhibEducational Publishing House c2018 ء  a3191,Vakil Sreet Kucha Pandit Lal Kuan bDelhie110006k23216162l- a188 صc22 Cm(Hb)